01923cam a2200385 450000100060000000300080000600500170001400800410003103000110007203500180008304002260010104100080032706000130033508200270034811100380037524500750041324600460048826000510053426000520058530000280063749000600066550000470072555000910077265000410086365000280090465000410093265000200097365000210099365000260101470000240104071000720106477601340113677601070127078001600137729933BD-RjUL20211209051502.0140708s1960 nbuar 1 1 a0eng d aNSMPB3 aBD-RjUL)30018 aNSDPbengcNSDPdDLCdNSDPdMHdDLCdTxUdOCoLCdAIPdNSDPdAIPdInUdDLCdMHdNSTdMHdMiUdInUdMHdOCoLCdDNLMdInUdOCoLCdDLCdNLGGCdInUdCaQQLdCU-SdOCoLCdHEBISdDE-MnBSBdGBVCPdWaUdUKMGBdOCoLCdNbSeTdBD-RjUL aeng00aW3bNE1604a159.4082bNEB V-8 19602 aNebraska Symposium on Motivation.10aNebraska Symposium on Motivation /cEd. Marshall R. JonesnVolume VIII13aCurrent theory and research in motivation a[Lincoln, Neb.]bUniversity of Nebraska Press.3 aLincoln :bUniversity of Nebraska Pres, c1960. a268 p. :bill.c23 cm. 0aThe Series in Current Theoty and Research in Motivation aSome issues have also a distinctive title. aSymposia for 1954- sponsored by the Dept. of Psychology of the University of Nebraska. 0aMotivation (Psychology)vCongresses. 2aMotivationvCongresses. 6aMotivation (Psychologie)vCongrès.17aMotivatie.2gtt07aMotivation.2swd07aAufsatzsammlung.2swd1 a Jones Marshall R.2 aUniversity of Nebraska (Lincoln campus).bDepartment of Psychology.08iOnline version: Nebraska Symposium on Motivation.tNebraska Symposium on Motivationx0146-7875w(DLC) 53011655w(OCoLC)5864899708iOnline version:aNebraska Symposium on Motivation.tNebraska Symposium on Motivationw(OCoLC)60415653800aCurrent Theory and Research in Motivation (Symposium).tCurrent theory and research in motivation, a symposiumx0070-2099w(DLC)sf 82004059w(OCoLC)2260043